01775cam a22004097a 4500003000500000005001700005008004100022010001000063011001000073035001000083040000900093090001000102100003600112245018000148260004000328300002200368500002000390502007300410590003700483590004100520590004100561590004100602590004200643650003300685650002700718650005200745650003100797901000700828942000900835949003500844949004000879949004000919999001700959952013100976952013101107952012701238CHAP20220329135117.0971013s1975 r 00010 d a31071 a32043 a36155 cCHAP aTesis00aLoera Gallardo, Jesús.967443 0aComportamiento de 32 variedades de sorgo para grano y del pulgón del cogollo Rhopalosiphum maidis (Fitch), (Homoptera, Aphididae) bajo infestaciones artificiales y naturales aChapingo, Méx. :bEl autor,c1975 a82 h.b: gráfs. ac.4-5 en bodega aTesis (M.C. Esp. en Entomología) -- ENA. Colegio de Postgraduados. aALEPHb10c20130110lUCH01h1253 aBATCH-UPDb10c20130110lUCH01h2155 aBATCH-UPDb10c20130410lUCH01h1504 aBATCH-UPDb10c20130914lUCH01h1728 aCONVERSIONb10c20130109lUCH01h131814aRhopalosiphum maidis.99716414aSorgoxPlagas.910870414aSorgoxVariedades resistentes a plagas.910873614aSorgoxVariedades.9108734 aBK cFOLL bBCcTESd-83328eTS1i36155si bBCcTESd-83329eTS2fc.2i36155si bBCcTESd-83330eTS2fc.3i36155si c31071d31071 00102local4053708TESISaBCbBCcPA_TESISd2012-12-17fFOLLl0oTesisp-83329r2019-12-31 00:00:00tc.2w2019-12-31yTESIS 00102local4053708TESISaBCbBCcPA_TESISd2012-12-17fFOLLl0oTesisp-83330r2019-12-31 00:00:00tc.3w2019-12-31yTESIS 00102local4051708TESISaBCbBCcPA_TESISd2012-12-17fTESISl0oTesisp-83328r2019-12-31 00:00:00w2019-12-31yTESIS